[Event "Helsingor Xtracon op"]
[Site "Helsingor"]
[Date "2019.07.21"]
[Round "3"]
[White "Sjol, Henrik"]
[Black "Bratholm, Palle Skov"]
[Result "0-1"]
[WhiteElo "1755"]
[BlackElo "2052"]
[PlyCount "80"]
[EventDate "2019.07.20"]
[EventType "swiss"]
[EventRounds "10"]
[EventCountry "DEN"]
[SourceTitle "CBM 191 Extra"]
[Source "ChessBase"]
[SourceDate "2019.09.30"]
[SourceVersion "1"]
[SourceVersionDate "2019.09.30"]
[SourceQuality "1"]

1. d4 d5 2. Nf3 e6 3. c4 c5 4. cxd5 exd5 5. g3 Nc6 6. Bg2 Nf6 7. Nc3 Be7 8. 0-0 0-0 9. Be3 cxd4 10. Bxd4 Be6 11. Rc1 Ne4 12. e3 Rc8 13. Ne2 Qa5 14. Bc3 Qxa2 15. Ra1 Nxc3 16. Nxc3 Qxb2 17. Nxd5 Bxd5 18. Qxd5 Rfd8 19. Qe4 Qb4 20. Qf5 g6 21. Qh3 Bf6 22. Rab1 Qe7 23. Nd4 Nb4 24. Nb5 a6 25. Qg4 Nc6 26. Na7 Nxa7 27. Rxb7 Rc7 28. Rfb1 Nb5 29. Qf4 Rxb7 30. Bxb7 Qxb7 31. Qxf6 Rd6 32. Qe5 Qc6 33. Qb2 Qc3 34. Qxc3 Nxc3 35. Rb8+ Kg7 36. Ra8 Kf6 37. Kg2 Rc6 38. Kf3 Ke6 39. Ra7 Nb5 40. Ra8 Nc7 0-1

[Event "Helsingor Xtracon op"]
[Site "Helsingor"]
[Date "2019.07.21"]
[Round "2"]
[White "Weber, Samuel"]
[Black "Sjol, Henrik"]
[Result "1-0"]
[WhiteElo "2203"]
[BlackElo "1755"]
[PlyCount "69"]
[EventDate "2019.07.20"]
[EventType "swiss"]
[EventRounds "10"]
[EventCountry "DEN"]
[SourceTitle "CBM 191 Extra"]
[Source "ChessBase"]
[SourceDate "2019.09.30"]
[SourceVersion "1"]
[SourceVersionDate "2019.09.30"]
[SourceQuality "1"]

1. Nf3 d5 2. g3 Nf6 3. Bg2 g6 4. c4 c5 5. cxd5 Nxd5 6. Nc3 Nc7 7. d3 Bg7 8. h4 h5 9. Be3 Ne6 10. Ng5 Nd4 11. Bxd4 cxd4 12. Qb3 0-0 13. Nce4 Nc6 14. 0-0 Bd7 15. Rfc1 b6 16. Nxf7 Rxf7 17. Ng5 e6 18. Nxf7 Kxf7 19. Bxc6 Rc8 20. Bxd7 Qxd7 21. Rxc8 Qxc8 22. Qc4 Qxc4 23. dxc4 d3 24. exd3 Bxb2 25. Rb1 Bd4 26. Kg2 Ke7 27. f3 Kf6 28. g4 hxg4 29. fxg4 Bc5 30. Rf1+ Kg7 31. Kf3 Be7 32. h5 gxh5 33. gxh5 Bc5 34. Ke4 Bd6 35. h6+ 1-0

[Event "Helsingor Xtracon op"]
[Site "Helsingor"]
[Date "2019.07.20"]
[Round "1"]
[White "Sjol, Henrik"]
[Black "Olsson, Linus"]
[Result "1-0"]
[WhiteElo "1755"]
[BlackElo "2242"]
[PlyCount "53"]
[EventDate "2019.07.20"]
[EventType "swiss"]
[EventRounds "10"]
[EventCountry "DEN"]
[SourceTitle "CBM 191 Extra"]
[Source "ChessBase"]
[SourceDate "2019.09.30"]
[SourceVersion "1"]
[SourceVersionDate "2019.09.30"]
[SourceQuality "1"]

1. d4 Nf6 2. Bf4 g6 3. e3 Bg7 4. Nf3 0-0 5. Be2 b6 6. 0-0 Bb7 7. c4 d5 8. Nc3 Nbd7 9. Rc1 c5 10. Ne5 dxc4 11. dxc5 Nxc5 12. Nxc4 Rc8 13. Qxd8 Rfxd8 14. Rfd1 Nfe4 15. Nxe4 Bxe4 16. Ne5 Ne6 17. Rxc8 Rxc8 18. f3 Nxf4 19. exf4 Bf5 20. Ba6 Rc2 21. Rd8+ Bf8 22. Bc4 e6 23. g4 Rc1+ 24. Kg2 Bb1 25. Bb3 Rc7 26. Nd7 Rxd7 27. Rxd7 1-0

[Event "Helsingor Xtracon op"]
[Site "Helsingor"]
[Date "2018.07.25"]
[Round "6"]
[White "Sjol, Henrik"]
[Black "Koellner, Aaron Noah"]
[Result "1-0"]
[WhiteElo "1841"]
[BlackElo "1992"]
[PlyCount "89"]
[EventDate "2018.07.21"]
[EventType "swiss"]
[EventRounds "10"]
[EventCountry "DEN"]
[SourceTitle "CBM 185 Extra"]
[Source "ChessBase"]
[SourceDate "2018.07.29"]
[SourceVersion "1"]
[SourceVersionDate "2018.07.29"]
[SourceQuality "1"]

1. d4 Nf6 2. Nf3 d5 3. c4 e6 4. Nc3 Be7 5. Bg5 Nbd7 6. e3 Ne4 7. Bxe7 Qxe7 8. cxd5 Nxc3 9. bxc3 exd5 10. Bd3 0-0 11. 0-0 Nf6 12. Ne5 Ne4 13. c4 c6 14. Qc2 f6 15. Nf3 Bg4 16. Nd2 Rae8 17. Rae1 f5 18. Nb3 Qg5 19. f3 Bh3 20. Kh1 Qh5 21. fxe4 Bg4 22. e5 Re6 23. Qf2 Rh6 24. g3 f4 25. exf4 g5 26. Be2 gxf4 27. Bxg4 Qxg4 28. gxf4 Kh8 29. cxd5 Qc8 30. d6 Rf5 31. Re2 Qe6 32. Nc5 Qd5+ 33. Qg2 Qxd4 34. Ne6 Rxe6 35. Rd2 Qb6 36. Qg4 Rexe5 37. Rg1 Rg5 38. Qc8+ Kg7 39. Rxg5+ Rxg5 40. Qc7+ Qxc7 41. dxc7 Rf5 42. c8Q Rxf4 43. Qc7+ Rf7 44. Rg2+ Kf8 45. Qd8# 1-0

[Event "Helsingor Xtracon op"]
[Site "Helsingor"]
[Date "2018.07.24"]
[Round "5"]
[White "Bering, Anders"]
[Black "Sjol, Henrik"]
[Result "1-0"]
[WhiteElo "1995"]
[BlackElo "1841"]
[PlyCount "137"]
[EventDate "2018.07.21"]
[EventType "swiss"]
[EventRounds "10"]
[EventCountry "DEN"]
[SourceTitle "CBM 185 Extra"]
[Source "ChessBase"]
[SourceDate "2018.07.29"]
[SourceVersion "1"]
[SourceVersionDate "2018.07.29"]
[SourceQuality "1"]

1. d4 d5 2. c4 dxc4 3. Nf3 Nf6 4. e3 e6 5. Bxc4 a6 6. a4 c5 7. 0-0 Nc6 8. Qe2 cxd4 9. Rd1 Qc7 10. exd4 Be7 11. Nc3 0-0 12. Bg5 Bd7 13. d5 Nxd5 14. Rxd5 exd5 15. Nxd5 Qb8 16. Nxe7+ Nxe7 17. Qxe7 Qe8 18. Qd6 Be6 19. Bxe6 fxe6 20. Re1 h6 21. Rxe6 Qxa4 22. Bxh6 Rad8 23. Qg3 Rd1+ 24. Re1 Qd7 25. Rf1 Rxf1+ 26. Kxf1 Qd3+ 27. Ke1 Qb1+ 28. Ke2 Qxb2+ 29. Nd2 Qb5+ 30. Ke1 Re8+ 31. Be3 a5 32. Qc7 a4 33. Qc2 a3 34. Qa2+ Kh7 35. Qxa3 Qc6 36. Nf3 Qg6 37. Qc5 Qb1+ 38. Kd2 Rd8+ 39. Nd4 Qg6 40. Qc2 Qxc2+ 41. Kxc2 Kg6 42. h4 Rd5 43. Kb3 Kf7 44. Kc4 Ra5 45. g3 Kg6 46. Ne6 Ra1 47. Bd4 Rc1+ 48. Kd5 Rd1 49. Nxg7 b5 50. Ne6 Kf5 51. Nc5 Kg4 52. Ne4 Rc1 53. Nc3 b4 54. Na2 Rb1 55. Kc4 b3 56. Nc3 Rb2 57. Na4 Rb1 58. Nb2 Re1 59. Kxb3 Re8 60. Kc4 Rd8 61. Kd3 Rd7 62. Nc4 Rd8 63. Ke4 Re8+ 64. Ne5+ Kh5 65. Be3 Ra8 66. Bg5 Ra4+ 67. Kf5 Rf4+ 68. Ke6 Rf6+ 69. Bxf6 1-0